[Event "Tyler's first tournament-join and enjoy the games!"]
[Site "SchemingMind.com"]
[Date "2005.04.27"]
[Round "-"]
[White "Claude"]
[Black "Tyler"]
[Result "0-1"]
[WhiteCountry "ROU"]
[BlackCountry "SUI"]
[WhiteElo "1582"]
[WhiteRD "89"]
[BlackElo "1758"]
[BlackRD "87"]
[GameID "13822"]

1. e4 c5 2. Nf3 Nc6 3. d4 cxd4 4. Nxd4 Nf6 5. Nc3 e5 6. Nxc6 bxc6 7. Bg5 Be7 8. Bc4 O-O 9. Qe2 Bb7 10. O-O-O Qc7
11. h4 h6 12. Bxf6 Bxf6 13. g4 g6 14. Kb1 Bg7 15. g5 h5 16. Rhf1 Rfd8 17. Qe3 a5 18. Ne2 Bf8 19. f4 d5 20. exd5 cxd5
21. Bb5 e4 22. f5 Bc5 23. Qc3 Qb6 24. fxg6 fxg6 25. Rf6 Rd6 26. Rxd6 Bxd6 27. Bd7 Qf2 28. Be6+ Kh7 29. Nd4 Be5
0-1

[Event "Tyler's first tournament-join and enjoy the games!"]
[Site "SchemingMind.com"]
[Date "2005.04.29"]
[Round "-"]
[White "Tyler"]
[Black "Claude"]
[Result "1-0"]
[WhiteCountry "SUI"]
[BlackCountry "ROU"]
[WhiteElo "1758"]
[WhiteRD "87"]
[BlackElo "1582"]
[BlackRD "89"]
[GameID "13823"]

1. e4 e6 2. d4 d5 3. Nc3 Bb4 4. a3 Bxc3+ 5. bxc3 Nf6 6. Bg5 dxe4 7. Bc4 O-O 8. Ne2 b6 9. Ng3 Bb7 10. Qe2 Nbd7
11. O-O h6 12. Bxf6 Nxf6 13. Rfe1 Qe7 14. Bb5 a6 15. Ba4 c5 16. dxc5 Qxc5 17. c4 Rac8 18. Bb3 Rfd8 19. Rad1 Qxa3 20. Ra1 Qc5
21. c3 a5 22. Qe3 Qxe3 23. Rxe3 Rd3 24. Rxd3 exd3 25. f3 Rd8 26. Kf2 Nd7 27. Ne4 Bxe4 28. fxe4 Nc5 29. Bd1
1-0

[Event "Tyler's first tournament-join and enjoy the games!"]
[Site "SchemingMind.com"]
[Date "2005.04.27"]
[Round "-"]
[White "cnbcad"]
[Black "Tyler"]
[Result "0-1"]
[WhiteCountry "USA"]
[BlackCountry "SUI"]
[WhiteElo "1425"]
[WhiteRD "52"]
[BlackElo "1743"]
[BlackRD "82"]
[GameID "13827"]

1. e4 e5 2. Nf3 Nc6 3. Bc4 Bc5 4. d3 Nge7 5. Ng5 O-O 6. Qh5 h6 7. Nxf7 Rxf7 8. Qxf7+ Kh8 9. Bxh6 gxh6 10. Qh5 Kh7
11. g4 Ng6 12. g5 Qxg5 13. Qxg5 hxg5 14. Nd2 d6 15. O-O-O Bxf2 16. Rhf1 Be3 17. Rf7+ Kh6 18. Rdf1 Nf4 19. Rf8 Rb8 20. Rf3 Bxd2+
21. Kxd2 Bg4 22. Rf6+ Kg7 23. Rf7+ Kh8 24. Rg3 Bh5 25. Rf6 Kg7 26. Rf5 g4 27. h3 Ne7 28. Rg5+ Kh6 29. h4 b5 30. Bb3 Rf8
31. c3 Nfg6 32. Bd1 Nxh4 33. R5xg4 Bxg4 34. Rxg4 Nhg6 35. Rg2 Rf4 36. Be2 Nh4 37. Rh2 Ng6 38. b4 Kg5 39. Rh1 Rf2 40. Rg1+ Rg2
41. Rf1 Nf4 42. c4 Rxe2+ 43. Kc3 bxc4 44. Kxc4 Rxa2 45. Rg1+ Nhg2 46. Rh1 Rd2 47. Rh7 Kg6 48. Rd7 Nxd3 49. Kb5 Rb2 50. Rxc7 Rxb4+
51. Ka5 Rxe4 52. Rxa7 Ngf4
0-1

[Event "Tyler's first tournament-join and enjoy the games!"]
[Site "SchemingMind.com"]
[Date "2005.04.27"]
[Round "-"]
[White "cnbcad"]
[Black "Claude"]
[Result "0-1"]
[WhiteCountry "USA"]
[BlackCountry "ROU"]
[WhiteElo "1552"]
[WhiteRD "65"]
[BlackElo "1785"]
[BlackRD "92"]
[GameID "13828"]

1. e4 c5 2. Bc4 Nc6 3. Nf3 d6 4. O-O Bg4 5. h3 Bxf3 6. Qxf3 Nf6 7. d3 g6 8. Nc3 Bg7 9. Nd5 O-O 10. Nxf6+ Bxf6
11. Bh6 Ne5 12. Qg3 Bg7 13. Bxg7 Kxg7 14. h4 Rb8 15. h5 b5 16. Bd5 e6 17. Bb3 c4 18. dxc4 bxc4 19. Ba4 Rxb2 20. h6+ Kxh6
21. Qh3+ Kg7 22. g3 Rb4 23. Bc6 Nxc6 24. Kg2 Ne5 25. Rh1 h5 26. a4 Qa8 27. Rae1 Rxa4 28. f4 Ng4 29. Qh4 Ra2 30. Qg5 Rxc2+
31. Kg1 a6 32. Kf1 Qa7 33. Re2 Rxe2 34. Kxe2 Qf2+
0-1

[Event "Tyler's first tournament-join and enjoy the games!"]
[Site "SchemingMind.com"]
[Date "2005.04.29"]
[Round "-"]
[White "Tyler"]
[Black "cnbcad"]
[Result "1-0"]
[WhiteCountry "SUI"]
[BlackCountry "USA"]
[WhiteElo "1751"]
[WhiteRD "77"]
[BlackElo "1540"]
[BlackRD "57"]
[GameID "13829"]

1. c4 e5 2. Nc3 Nf6 3. g3 Bc5 4. Bg2 Ng4 5. Nh3 Qf6 6. Ne4 Qf5 7. Nxc5 d6 8. Ne4 b6 9. O-O Bb7 10. Nxd6+ cxd6
11. Bxb7 Qh5 12. Kg2 O-O 13. Bxa8 f5 14. Bd5+ Kh8 15. f3 Nf6 16. d4 e4 17. Nf4
1-0

[Event "Tyler's first tournament-join and enjoy the games!"]
[Site "SchemingMind.com"]
[Date "2005.04.27"]
[Round "-"]
[White "Claude"]
[Black "cnbcad"]
[Result "1-0"]
[WhiteCountry "ROU"]
[BlackCountry "USA"]
[WhiteElo "1785"]
[WhiteRD "92"]
[BlackElo "1552"]
[BlackRD "65"]
[GameID "13830"]

1. e4 e5 2. Nf3 Nc6 3. Bb5 a6 4. Ba4 b5 5. Bb3 Nf6 6. O-O Nd4 7. Nxe5 Nxb3 8. axb3 d6 9. Nf3 Nxe4 10. Re1 Qe7
11. d3 Qf6 12. Rxe4+ Be7 13. Bg5 Qf5 14. Bxe7 Be6 15. Nd4 Qg6 16. Nxe6 Ra7 17. Nxg7+ Kd7 18. Bf6 Rg8 19. Re7+ Kc6 20. Qf3+
1-0

[Event "Tyler's first tournament-join and enjoy the games!"]
[Site "SchemingMind.com"]
[Date "2005.04.28"]
[Round "-"]
[White "David53"]
[Black "Tyler"]
[Result "0-1"]
[WhiteCountry "GER"]
[BlackCountry "SUI"]
[WhiteElo "1507"]
[WhiteRD "97"]
[BlackElo "1749"]
[BlackRD "78"]
[GameID "13914"]

1. e4 e5 2. Nf3 Nc6 3. d4 exd4 4. Nxd4 Nxd4 5. Qxd4 d6 6. Bc4 Nf6 7. Nc3 Be7 8. O-O Be6 9. Nd5 O-O 10. Bg5 Bxd5
11. exd5 h6 12. Bh4 Nd7 13. Bxe7 Qxe7 14. c3 Ne5 15. Rae1 Qg5 16. Re3 Ng6 17. Rg3 Qe7 18. Bd3 Ne5 19. Bc2 f5 20. Qf4 g5
21. Bxf5 Kh8 22. Qe4 Qf6 23. Be6 Rae8 24. h4 gxh4 25. Rh3 Qg5 26. Rxh4 Nf3+
0-1

[Event "Tyler's first tournament-join and enjoy the games!"]
[Site "SchemingMind.com"]
[Date "2005.04.28"]
[Round "-"]
[White "David53"]
[Black "cnbcad"]
[Result "1-0"]
[WhiteCountry "GER"]
[BlackCountry "USA"]
[WhiteElo "1509"]
[WhiteRD "99"]
[BlackElo "1540"]
[BlackRD "57"]
[GameID "13915"]

1. e4 e5 2. Nf3 Nc6 3. d4 exd4 4. Nxd4 Nxd4 5. Qxd4 d6 6. Bc4 c5 7. Qd5 Qd7 8. Nc3 Nf6 9. Qd3 Be7 10. Bb5 O-O
11. Bxd7 Bxd7 12. O-O a6 13. Re1 b5 14. Nd5 c4 15. Nxe7+ Kh8 16. Qxd6 Rad8 17. Qxa6 Rfe8 18. Bg5 Ra8 19. Qd6 Rad8 20. Bxf6
1-0

[Event "Tyler's first tournament-join and enjoy the games!"]
[Site "SchemingMind.com"]
[Date "2005.04.28"]
[Round "-"]
[White "David53"]
[Black "Claude"]
[Result "0-1"]
[WhiteCountry "GER"]
[BlackCountry "ROU"]
[WhiteElo "1409"]
[WhiteRD "117"]
[BlackElo "1785"]
[BlackRD "92"]
[GameID "13916"]

1. e4 c5 2. Nf3 Nc6 3. d4 cxd4 4. Nxd4 Nf6 5. Nc3 g6 6. Be3 Bg7 7. Be2 O-O 8. O-O d6 9. f4 a6 10. f5 Qc7
11. Qd2 b5 12. Ndxb5 axb5 13. Nxb5 Qb7 14. Bh6 Nxe4 15. Qf4 Bxf5 16. Bxg7 Kxg7 17. g4 e5 18. Qe3 Bxg4 19. Qxe4 Bxe2 20. Qxe2 Qb6+
21. Rf2 Rfd8 22. Rd1 Rxa2 23. Nxd6 Nd4 24. Qxe5+ Kg8 25. Nxf7 Nf3+
0-1

[Event "Tyler's first tournament-join and enjoy the games!"]
[Site "SchemingMind.com"]
[Date "2005.04.29"]
[Round "-"]
[White "Tyler"]
[Black "David53"]
[Result "1-0"]
[WhiteCountry "SUI"]
[BlackCountry "GER"]
[WhiteElo "1751"]
[WhiteRD "77"]
[BlackElo "1509"]
[BlackRD "99"]
[GameID "13917"]

1. e4 e5 2. Nf3 Nc6 3. Bb5 d6 4. O-O Bg4 5. h3 h5 6. d4 exd4 7. hxg4 hxg4 8. Ng5 Qf6 9. Qxg4 Qe5 10. Bxc6+ bxc6
11. Bf4 Qf6 12. Nh3 Nh6 13. Bxh6 Rxh6 14. Nd2 Be7 15. f4 Rb8 16. b3 Rb5 17. Rae1 d3 18. c4 Qd4+ 19. Kh2 Rbh5 20. Nf3 Qb2
21. Kg1 Qxa2 22. Qc8+ Bd8 23. e5 Qxb3 24. exd6+
1-0

[Event "Tyler's first tournament-join and enjoy the games!"]
[Site "SchemingMind.com"]
[Date "2005.04.28"]
[Round "-"]
[White "cnbcad"]
[Black "David53"]
[Result "0-1"]
[WhiteCountry "USA"]
[BlackCountry "GER"]
[WhiteElo "1540"]
[WhiteRD "57"]
[BlackElo "1509"]
[BlackRD "99"]
[GameID "13918"]

1. e4 e5 2. Nf3 Nc6 3. Bc4 h6 4. O-O Nf6 5. d4 exd4 6. Nxd4 d6 7. Bb5 Bd7 8. Re1 Be7 9. Bxc6 bxc6 10. c4 c5
11. Nf5 O-O 12. Qf3 Nh7 13. Nxg7 Kxg7 14. Qg3+ Kh8 15. Bxh6 Rg8 16. Qf4 Bg5 17. Bxg5 Rxg5 18. Nc3 Rg4 19. Qxf7 Rg7 20. Qd5 c6
21. Qxd6 Rxg2+ 22. Kh1 Rxf2 23. Qe5+ Rf6 24. Rg1 Qf8 25. Rg3 Re8 26. Qh5 Re7 27. Rag1 Be6 28. e5 Rf5 29. Rg5 Rxg5 30. Rxg5 Qf1+
31. Rg1 Qxc4 32. Nd1 Bd5+
0-1

[Event "Tyler's first tournament-join and enjoy the games!"]
[Site "SchemingMind.com"]
[Date "2005.04.28"]
[Round "-"]
[White "Claude"]
[Black "David53"]
[Result "1-0"]
[WhiteCountry "ROU"]
[BlackCountry "GER"]
[WhiteElo "1785"]
[WhiteRD "92"]
[BlackElo "1409"]
[BlackRD "117"]
[GameID "13919"]

1. e4 e5 2. Nf3 Nc6 3. Bc4 h6 4. c3 Nf6 5. O-O d5 6. exd5 Nxd5 7. d4 e4 8. Re1 Nf6 9. Nbd2 Bf5 10. Nh4 Qd7
11. Nxf5 Qxf5 12. Nxe4 O-O-O 13. Nxf6 Qxf6 14. Qa4 g5 15. d5 Ne5 16. Bf1 h5 17. Qxa7 Nd3 18. Bxd3 Bd6 19. Bb5
1-0

[Event "Tyler's first tournament-join and enjoy the games!"]
[Site "SchemingMind.com"]
[Date "2005.04.29"]
[Round "-"]
[White "Gordon"]
[Black "Tyler"]
[Result "1-0"]
[WhiteCountry "ENG"]
[BlackCountry "SUI"]
[WhiteElo "2067"]
[WhiteRD "61"]
[BlackElo "1710"]
[BlackRD "76"]
[GameID "13972"]

1. e4 e5 2. Nf3 Nc6 3. d4 exd4 4. c3 dxc3 5. Bc4 Qe7 6. Nxc3 Nf6 7. O-O d6 8. Bg5 Bg4 9. Nd5 Qd8 10. Qb3 Na5
11. Bxf6 Nxb3 12. Bxd8 Nxa1 13. Bxc7 Bxf3 14. Bb5#
1-0

[Event "Tyler's first tournament-join and enjoy the games!"]
[Site "SchemingMind.com"]
[Date "2005.04.29"]
[Round "-"]
[White "Gordon"]
[Black "cnbcad"]
[Result "1-0"]
[WhiteCountry "ENG"]
[BlackCountry "USA"]
[WhiteElo "2067"]
[WhiteRD "61"]
[BlackElo "1552"]
[BlackRD "65"]
[GameID "13973"]

1. e4 e5 2. Nf3 Nf6 3. Nxe5 d6 4. Nf3 Be7 5. Nc3 O-O 6. Bc4 Re8 7. O-O d5 8. Bxd5 Nxd5 9. Nxd5 c6 10. Nxe7+ Qxe7
11. d3 b6 12. h3 Ba6 13. Re1 Nd7 14. Bd2 Ne5 15. Nxe5 Qxe5 16. Bc3 Qg5 17. Qg4 Qxg4 18. hxg4 Bc8 19. f3 g6 20. Kf2 f5
21. gxf5 gxf5 22. Rh1 fxe4 23. dxe4 Rf8 24. Rh6 Bb7 25. Rd1 c5 26. Rd7 Bxe4 27. Rg7+ Kh8 28. Rg4+
1-0

[Event "Tyler's first tournament-join and enjoy the games!"]
[Site "SchemingMind.com"]
[Date "2005.04.29"]
[Round "-"]
[White "Gordon"]
[Black "David53"]
[Result "1-0"]
[WhiteCountry "ENG"]
[BlackCountry "GER"]
[WhiteElo "2067"]
[WhiteRD "61"]
[BlackElo "1409"]
[BlackRD "117"]
[GameID "13974"]

1. e4 e5 2. Nf3 Nc6 3. d4 exd4 4. c3 dxc3 5. Bc4 h6 6. Nxc3 d6 7. O-O Nf6 8. Qb3 Qe7 9. Nd5 Nxd5 10. exd5 Ne5
11. Nxe5 dxe5 12. Re1 b6 13. Qg3 f6 14. Qg6+ Kd8 15. Be3 Bd7 16. Rac1 Be8 17. Qe4 g6 18. d6 Qd7 19. Qxa8+ Qc8 20. dxc7+ Ke7
21. Qxc8
1-0

[Event "Tyler's first tournament-join and enjoy the games!"]
[Site "SchemingMind.com"]
[Date "2005.04.29"]
[Round "-"]
[White "Gordon"]
[Black "Claude"]
[Result "1-0"]
[WhiteCountry "ENG"]
[BlackCountry "ROU"]
[WhiteElo "2067"]
[WhiteRD "61"]
[BlackElo "1785"]
[BlackRD "92"]
[GameID "13975"]

1. e4 c5 2. Nf3 Nc6 3. d4 cxd4 4. Nxd4 Nf6 5. Nc3 d6 6. Bg5 g6 7. Bxf6 exf6 8. Bc4 Bg7 9. Ndb5 O-O 10. Qxd6 Qa5
11. Qc7 f5 12. Qxa5 Nxa5 13. Bd5 a6 14. Nd6 fxe4 15. Ndxe4 Bxc3+ 16. Nxc3 Re8+ 17. Kd2 Be6 18. Rad1 Rad8 19. Kc1 Bxd5 20. Nxd5 Kg7
21. Ne3 Nc6 22. Rxd8 Rxd8 23. Rd1 Rxd1+ 24. Kxd1 Kf6 25. Kd2 h5= 26. f4 Ke6 27. c4 Ne7 28. b4 b6 29. Kd3 Kd6 30. Ke4 a5
31. a3 axb4 32. axb4 f6 33. f5 g5 34. Nd5 Nxd5 35. cxd5 b5 36. Kd4
1-0

[Event "Tyler's first tournament-join and enjoy the games!"]
[Site "SchemingMind.com"]
[Date "2005.04.29"]
[Round "-"]
[White "Tyler"]
[Black "Gordon"]
[Result "0-1"]
[WhiteCountry "SUI"]
[BlackCountry "ENG"]
[WhiteElo "1749"]
[WhiteRD "78"]
[BlackElo "2128"]
[BlackRD "59"]
[GameID "13977"]

1. e4 c5 2. Nf3 d6 3. d4 cxd4 4. Nxd4 Nf6 5. Nc3 g6 6. Bd3 Bg7 7. O-O O-O 8. h3 Nc6 9. Nxc6 bxc6 10. Bg5 Nd7
11. Bd2 Rb8 12. Rb1 Nc5 13. f3 Nxd3 14. cxd3 Qb6+ 15. Kh1 Ba6 16. Qc2 Qd4 17. Ne2 Qxd3 18. Qxd3 Bxd3 19. Rbe1 Rxb2 20. Bg5 Rxa2
21. Nc1 Bxf1 22. Nxa2 Bc4 23. Nb4 c5 24. Nc6 f6 25. Be3 Kf7 26. Nxa7 Ra8 27. Rc1 Ba6 28. Nc6 Bb7 29. Bxc5 dxc5 30. Rxc5 Bxc6
31. Rxc6 f5 32. exf5 Ra1+ 33. Kh2 Be5+ 34. g3 Ra2+ 35. Kg1 Bxg3 36. fxg6+ hxg6 37. Rc3 e5 38. Rd3 Kf6 39. Rd6+ Kf5 40. Rd8 Kf4
41. Rf8+ Ke3 42. Rf6 Bf4 43. Rxg6 Kxf3 44. Kh1 Ra1+ 45. Rg1 Rxg1+
0-1

[Event "Tyler's first tournament-join and enjoy the games!"]
[Site "SchemingMind.com"]
[Date "2005.04.29"]
[Round "-"]
[White "cnbcad"]
[Black "Gordon"]
[Result "0-1"]
[WhiteCountry "USA"]
[BlackCountry "ENG"]
[WhiteElo "1552"]
[WhiteRD "65"]
[BlackElo "2067"]
[BlackRD "61"]
[GameID "13978"]

1. e4 c5 2. Nc3 Nc6 3. Bc4 e6 4. Nf3 d6 5. d4 cxd4 6. Nxd4 Nf6 7. O-O a6 8. e5 Nxe5 9. Bd3 Nxd3 10. Qxd3 Be7
11. Qg3 O-O 12. Bh6 Ne8 13. Rae1 Bh4 14. Qg4 e5 15. Nf5 Bxf5 16. Qxf5 gxh6 17. Re4 Kh8 18. g3 Be7 19. Nd5 Ng7 20. Qh3 f5
21. Re3 Rc8 22. Nxe7 Qxe7 23. Qxh6 Qf6 24. Qh3 Rxc2 25. Kh1 Rfc8 26. f4 Rxb2 27. fxe5 dxe5 28. Rg1 Qc6+
0-1

[Event "Tyler's first tournament-join and enjoy the games!"]
[Site "SchemingMind.com"]
[Date "2005.04.29"]
[Round "-"]
[White "David53"]
[Black "Gordon"]
[Result "0-1"]
[WhiteCountry "GER"]
[BlackCountry "ENG"]
[WhiteElo "1409"]
[WhiteRD "117"]
[BlackElo "2067"]
[BlackRD "61"]
[GameID "13979"]

1. e4 c5 2. Nf3 d6 3. d4 cxd4 4. Nxd4 Nf6 5. Nc3 g6 6. Be2 Bg7 7. Be3 O-O 8. Qd2 Nc6 9. O-O Ng4 10. Bxg4 Bxg4
11. f3 Bd7 12. Rad1 Rc8 13. Bh6 Bxd4+ 14. Kh1 Bg7 15. Bxg7 Kxg7 16. f4 a6 17. Ne2 Qa5 18. Qd3 Bg4 19. c3 Qxa2 20. Rd2 Bxe2
21. Qxe2 Rfd8 22. f5 Ne5 23. fxg6 hxg6 24. h4 Qc4 25. Qf2 Rh8 26. Qf4 Rxh4+
0-1

[Event "Tyler's first tournament-join and enjoy the games!"]
[Site "SchemingMind.com"]
[Date "2005.04.29"]
[Round "-"]
[White "Claude"]
[Black "Gordon"]
[Result "0-1"]
[WhiteCountry "ROU"]
[BlackCountry "ENG"]
[WhiteElo "1780"]
[WhiteRD "151"]
[BlackElo "1992"]
[BlackRD "70"]
[GameID "13980"]

1. e4 c5 2. Nf3 d6 3. d4 cxd4 4. Nxd4 Nf6 5. Nc3 g6 6. Be3 Bg7 7. Bc4 O-O 8. O-O Nc6 9. Re1 Ng4 10. Nxc6 bxc6
11. Bd4 e5 12. Be3 d5 13. exd5 Qh4 14. Bd3 Qxh2+ 15. Kf1 Nxe3+ 16. Rxe3 Qh1+
0-1

[Event "Tyler's first tournament-join and enjoy the games!"]
[Site "SchemingMind.com"]
[Date "2005.04.29"]
[Round "-"]
[White "kemboiipoorfather"]
[Black "Tyler"]
[Result "0-1"]
[WhiteCountry "ENG"]
[BlackCountry "SUI"]
[WhiteElo "1107"]
[WhiteRD "112"]
[BlackElo "1749"]
[BlackRD "78"]
[GameID "14002"]

1. e4 c5 2. c4 Nc6 3. d3 e5 4. Nf3 d6 5. h4 f5 6. Ng5 Nf6 7. g3 h6 8. f4 hxg5 9. fxe5 Nxe5 10. Bxg5 Be7
11. Nc3 fxe4 12. Qa4+ Bd7 13. Nb5 a6 14. dxe4 axb5 15. Qd1 Qc7 16. cxb5 Qa5+ 17. Kf2 Nxe4+ 18. Kg1 Nxg3 19. Bd2 Qb6 20. Rh3 Bxh3
21. Bxh3 c4+ 22. Kh2 Qf2+ 23. Bg2 Rxh4#
0-1

[Event "Tyler's first tournament-join and enjoy the games!"]
[Site "SchemingMind.com"]
[Date "2005.04.29"]
[Round "-"]
[White "kemboiipoorfather"]
[Black "cnbcad"]
[Result "0-1"]
[WhiteCountry "ENG"]
[BlackCountry "USA"]
[WhiteElo "1135"]
[WhiteRD "114"]
[BlackElo "1540"]
[BlackRD "57"]
[GameID "14003"]

1. d4 d5 2. Nf3 e6 3. e3 Nf6 4. Ne5 Bd6 5. f4 Ne4 6. Qh5 Bxe5 7. fxe5 Qf6 8. c4 Qf2+ 9. Kd1 Nc6 10. Qf3 Nb4
11. Qe2 Qf5 12. g4 Nf2+ 13. Kd2 Qc2+ 14. Ke1 Nfd3+ 15. Qxd3 Nxd3+ 16. Bxd3 Qxc1+ 17. Kf2 Qxh1 18. cxd5 Qxh2+ 19. Ke1 Qxb2 20. dxe6 fxe6
21. d5 O-O 22. dxe6 Rf2 23. e7 Bxg4 24. Bc4+ Kh8 25. Na3 Qd2#
0-1

[Event "Tyler's first tournament-join and enjoy the games!"]
[Site "SchemingMind.com"]
[Date "2005.04.29"]
[Round "-"]
[White "kemboiipoorfather"]
[Black "Gordon"]
[Result "0-1"]
[WhiteCountry "ENG"]
[BlackCountry "ENG"]
[WhiteElo "1368"]
[WhiteRD "226"]
[BlackElo "2067"]
[BlackRD "61"]
[GameID "14004"]

1. d4 Nf6 2. Nf3 e6 3. Bg5 h6 4. Qd2 hxg5 5. Nxg5 d5 6. Qa5 Nc6 7. Qb5 Nd7 8. g3 Qxg5 9. f4 Qf5 10. c4 Nxd4
11. Qa5 Nc2+ 12. Kd2 Bb4+ 13. Qxb4 Nxb4 14. Nc3 Nc5 15. Nb5 Qc2+ 16. Ke1 Ne4 17. Rd1 O-O 18. a3 Bd7 19. axb4 Bxb5 20. cxb5 Rfd8
21. e3 Qf2#
0-1

[Event "Tyler's first tournament-join and enjoy the games!"]
[Site "SchemingMind.com"]
[Date "2005.04.29"]
[Round "-"]
[White "kemboiipoorfather"]
[Black "David53"]
[Result "0-1"]
[WhiteCountry "ENG"]
[BlackCountry "GER"]
[WhiteElo "1135"]
[WhiteRD "114"]
[BlackElo "1509"]
[BlackRD "99"]
[GameID "14005"]

1. d4 e6 2. e3 c5 3. dxc5 Bxc5 4. Nf3 Nc6 5. Nc3 a6 6. Ne4 Be7 7. Nd6+ Kf8 8. Ne5 Nxe5 9. Nc4 Nc6 10. Qf3 Nf6
11. e4 d5 12. e5 Nd4 13. Qg3 Ne4 14. Ne3 Nxg3 15. hxg3 b5 16. Rh4 Bxh4 17. gxh4 Qxh4 18. c3 Nc6 19. g3 Qh5 20. Be2 Qh1+
21. Nf1 Nxe5 22. Bf4 Nf3+ 23. Bxf3 Qxf3 24. Bd6+ Ke8 25. Rd1 Bb7 26. b3 Rc8 27. c4 bxc4 28. bxc4 Qc3+ 29. Nd2 dxc4 30. Rb1 Bf3
31. Bb4 Qd3 32. Ba5 Qe2#
0-1

[Event "Tyler's first tournament-join and enjoy the games!"]
[Site "SchemingMind.com"]
[Date "2005.04.29"]
[Round "-"]
[White "kemboiipoorfather"]
[Black "Claude"]
[Result "0-1"]
[WhiteCountry "ENG"]
[BlackCountry "ROU"]
[WhiteElo "1368"]
[WhiteRD "226"]
[BlackElo "1785"]
[BlackRD "92"]
[GameID "14006"]

1. d4 Nf6 2. Nc3 g6 3. e4 d6 4. f3 Bg7 5. Nd5 Nxd5 6. exd5 O-O 7. Nh3 Bxh3 8. gxh3 Nd7 9. f4 Nb6 10. Qd2 Nxd5
11. Bg2 c6 12. f5 e6 13. fxg6 Qh4+ 14. Kd1 Bxd4 15. gxf7+ Rxf7 16. Qg5+ Qxg5 17. Bxg5 Rg7 18. h4 h6 19. Bxh6 Rxg2 20. Re1 Bxb2
21. Rb1 Nc3#
0-1

[Event "Tyler's first tournament-join and enjoy the games!"]
[Site "SchemingMind.com"]
[Date "2005.04.29"]
[Round "-"]
[White "Tyler"]
[Black "kemboiipoorfather"]
[Result "1-0"]
[WhiteCountry "SUI"]
[BlackCountry "ENG"]
[WhiteElo "1751"]
[WhiteRD "77"]
[BlackElo "1135"]
[BlackRD "114"]
[GameID "14008"]

1. e4 e5 2. Nf3 Nf6 3. Nc3 Bc5 4. Bc4 d6 5. O-O Nc6 6. h3 Bxh3 7. gxh3 Nh5 8. Kh2 Qf6 9. Nd5 Qd8 10. Nxe5 Nxe5
11. Qxh5 Nxc4 12. d3 c6 13. Bg5 Qd7 14. dxc4 cxd5 15. cxd5 Qf5 16. exf5 g6 17. Rae1+ Kd7 18. fxg6 fxg6 19. Re7+ Kc8 20. Qg4+ Kd8
21. Qd7#
1-0

[Event "Tyler's first tournament-join and enjoy the games!"]
[Site "SchemingMind.com"]
[Date "2005.04.29"]
[Round "-"]
[White "cnbcad"]
[Black "kemboiipoorfather"]
[Result "1-0"]
[WhiteCountry "USA"]
[BlackCountry "ENG"]
[WhiteElo "1540"]
[WhiteRD "57"]
[BlackElo "1135"]
[BlackRD "114"]
[GameID "14009"]

1. e4 e5 2. Nf3 Nf6 3. Nxe5 Nxe4 4. d3 Bc5 5. dxe4 Qf6 6. f4 Qh6 7. Bc4 d6 8. Nxf7 Qh4+ 9. g3 Qe7 10. Nd2 Rf8
11. Ng5 Nc6 12. Nxh7 Rh8 13. Qh5+ Kd8 14. Qg6 Nd4 15. Kd1 a6 16. Nb3 Rxh7 17. f5 Qxe4 18. Qf6+ Qe7 19. Bg5 gxf6 20. Re1 Qg7
21. Bh4 Qg4+ 22. Be2 Qxf5 23. Bd3 Qf3+ 24. Be2 Nxe2 25. Nd2 Qg2 26. Bxf6+ Re7 27. Bxe7+ Kxe7 28. Rxe2+ Be6 29. Rxg2 Rf8 30. Re2 Bd4
31. c3 Bg7 32. Kc2 Kd7 33. Rae1 Re8 34. Nf3 Bf5+ 35. Kb3 Rxe2 36. Rxe2 Bg4 37. Rf2 c5 38. Ng5 d5 39. Rf7+
1-0

[Event "Tyler's first tournament-join and enjoy the games!"]
[Site "SchemingMind.com"]
[Date "2005.04.29"]
[Round "-"]
[White "Gordon"]
[Black "kemboiipoorfather"]
[Result "1-0"]
[WhiteCountry "ENG"]
[BlackCountry "ENG"]
[WhiteElo "2067"]
[WhiteRD "61"]
[BlackElo "1368"]
[BlackRD "226"]
[GameID "14010"]

1. e4 e5 2. Nf3 Nf6 3. Nxe5 Nxe4 4. Qe2 Qh4 5. d3 d6 6. Nf3 Qe7 7. dxe4 Bg4 8. h3 Be6 9. Nc3 Nc6 10. Nd5 Bxd5
11. exd5 Ne5 12. Nxe5 dxe5 13. Qb5+ Kd8 14. Be3 a6 15. Qxb7 Rc8 16. O-O-O g6 17. d6 cxd6 18. Bb6+ Rc7 19. Qb8+ Kd7 20. Qxc7+ Ke6
21. Bc4+ Kf6 22. Rxd6+ Qxd6 23. Qxf7+ Kg5 24. Be3+ Kh5 25. Be2+ Kh4 26. g3#
1-0

[Event "Tyler's first tournament-join and enjoy the games!"]
[Site "SchemingMind.com"]
[Date "2005.04.29"]
[Round "-"]
[White "David53"]
[Black "kemboiipoorfather"]
[Result "1-0"]
[WhiteCountry "GER"]
[BlackCountry "ENG"]
[WhiteElo "1509"]
[WhiteRD "99"]
[BlackElo "1135"]
[BlackRD "114"]
[GameID "14011"]

1. e4 e5 2. Nf3 Nf6 3. d3 d6 4. c4 c5 5. Nc3 Bg4 6. Be2 Nc6 7. O-O Nd4 8. Bg5 Ne6 9. Bh4 Qb6 10. Bxf6 gxf6
11. Nd5 Qxb2 12. a4 Nf4 13. Re1 f5 14. Nc7+ Kd8 15. Nxa8 Rg8 16. Rb1 Qc3 17. Rb3 Nxe2+ 18. Rxe2 Bxf3 19. g3 Bxe2 20. Qb1 Qd4
21. Rxb7 fxe4 22. Rxa7 e3 23. Qb8#
1-0

[Event "Tyler's first tournament-join and enjoy the games!"]
[Site "SchemingMind.com"]
[Date "2005.04.29"]
[Round "-"]
[White "Claude"]
[Black "kemboiipoorfather"]
[Result "1-0"]
[WhiteCountry "ROU"]
[BlackCountry "ENG"]
[WhiteElo "1785"]
[WhiteRD "92"]
[BlackElo "1368"]
[BlackRD "226"]
[GameID "14012"]

1. d4 d5 2. c4 dxc4 3. Nc3 Nc6 4. Bf4 Nxd4 5. Bxc7 Nc2+ 6. Qxc2 Qxc7 7. e3 g6 8. Rd1 Bf5 9. Qa4+ b5 10. Qxb5+ Bd7
11. Qxc4 Qa5 12. Nf3 Be6 13. Qc6+ Bd7 14. Qxd7#
1-0

[Event "Tyler's first tournament-join and enjoy the games!"]
[Site "SchemingMind.com"]
[Date "2005.05.01"]
[Round "-"]
[White "Scarian"]
[Black "Tyler"]
[Result "1-0"]
[WhiteCountry "GBR"]
[BlackCountry "SUI"]
[WhiteElo "2031"]
[WhiteRD "87"]
[BlackElo "1749"]
[BlackRD "78"]
[GameID "14120"]

1. e4 e5 2. Nf3 Nc6 3. Bb5 a6 4. Ba4 Nf6 5. O-O b5 6. Bb3 Bc5 7. a4 O-O 8. axb5 Nd4 9. Nxd4 Bxd4 10. Qe2 Bb7
11. bxa6 Bxe4 12. Na3 d6 13. Nb5 Bc6 14. Nxd4 exd4 15. Qc4 Bd5 16. Qxd4 c5 17. Qd3 Be4 18. Qg3 Qb6 19. d3 Bg6 20. Bg5 Nh5
21. Qg4 Rxa6 22. Rxa6 Qxa6 23. f4 h6 24. f5 hxg5 25. fxg6 Nf6 26. Rxf6 gxf6 27. Qh5
1-0

[Event "Tyler's first tournament-join and enjoy the games!"]
[Site "SchemingMind.com"]
[Date "2005.05.06"]
[Round "-"]
[White "Scarian"]
[Black "cnbcad"]
[Result "1-0"]
[WhiteCountry "GBR"]
[BlackCountry "USA"]
[WhiteElo "1978"]
[WhiteRD "92"]
[BlackElo "1540"]
[BlackRD "57"]
[GameID "14121"]

1. e4 e5 2. Nf3 Nc6 3. Bb5 d6 4. Bxc6+ bxc6 5. Nc3 d5 6. exd5 e4 7. Nxe4 Qe7 8. O-O Qd7 9. dxc6 Qxc6 10. Ne5 Qa6
11. Qf3 Nf6 12. Re1 Bd6 13. Nxd6+ cxd6 14. Ng6+
1-0